000 00362nam a2200133 4500
999 _c1218
_d1218
008 200114b ||||| |||| 00| 0 eng d
082 0 0 _a387.2
_bI325
110 _9806
_aIMCO
245 1 0 _aInternational Conference on Tonnage Measurement of Ships, 1969
_cby IMCO
260 _aLondon
_bIMCO
_c1969
300 _a83 p.
650 0 _aShip Measurement
942 _2ddc
_cBK